000 00475nam a22001937a 4500
003 MPLRDC
005 20220104152210.0
008 210129b ||||| |||| 00| 0 eng d
020 _a7-5392-0802-3
082 _a536.21 HGY-2
100 _a何光岳
245 _a百越源流史
_c
250 _a再版
260 _a
_b江西教育出版社
_c1992
300 _b
490 _a中华民族源流史丛书
650 _a中华民族志
942 _cBK
_o536.21 HGY-2
999 _c52764
_d52754